Insight (Record no. 118513)
[ view plain ]
| 000 -LEADER | |
|---|---|
| fixed length control field | 00601cas a22002055a 4500 |
| 001 - CONTROL NUMBER | |
| control field | L125 |
| 008 - FIXED-LENGTH DATA ELEMENTS--GENERAL INFORMATION | |
| fixed length control field | 070702c1995 xxkmr p 0 a0eng |
| 022 1# - INTERNATIONAL STANDARD SERIAL NUMBER | |
| International Standard Serial Number | 1361-1305 |
| 035 ## - SYSTEM CONTROL NUMBER | |
| System control number | (Sirsi) u98764 |
| 041 0# - LANGUAGE CODE | |
| Language code of text/sound track or separate title | eng |
| 110 2# - MAIN ENTRY--CORPORATE NAME | |
| Corporate name or jurisdiction name as entry element | Institute of Revenues, Rating and Valuation |
| 9 (RLIN) | 2992 |
| 245 00 - TITLE STATEMENT | |
| Title | Insight |
| 260 ## - PUBLICATION, DISTRIBUTION, ETC. | |
| Place of publication, distribution, etc. | London |
| Name of publisher, distributor, etc. | IRRV Services Ltd. |
| Date of publication, distribution, etc. | 1995- |
| 362 ## - DATES OF PUBLICATION AND/OR SEQUENTIAL DESIGNATION | |
| Dates of publication and/or sequential designation | (1) October 1995- |
| 651 #4 - SUBJECT ADDED ENTRY--GEOGRAPHIC NAME | |
| Geographic name | United Kingdom |
| 690 ## - LOCAL SUBJECT ADDED ENTRY--TOPICAL TERM (OCLC, RLIN) | |
| Topical term or geographic name as entry element | PROPERTY-PROPERTY APPRAISAL AND VALUATION |
| 780 00 - PRECEDING ENTRY | |
| Title | Journal |
| Edition | The Institute of Revenues, Rating and Valuation |
| International Standard Serial Number | 0961-804X |
| 942 ## - ADDED ENTRY ELEMENTS (KOHA) | |
| Suppress in OPAC | 0 |
| Source of classification or shelving scheme | Dewey Decimal Classification |
| 948 ## - LOCAL PROCESSING INFORMATION (OCLC); SERIES PART DESIGNATOR (RLIN) | |
| c (OCLC) | 01/03/1994 |
| Withdrawn status | Lost status | Source of classification or shelving scheme | Damaged status | Not for loan | Home library | Current library | Shelving location | Date acquired | Total Checkouts | Full call number | Barcode | Date last seen | Price effective from | Koha item type |
|---|---|---|---|---|---|---|---|---|---|---|---|---|---|---|
| Dewey Decimal Classification | London | London | Gallery | 20/09/2005 | INSIGHT | 98764-2001 | 06/08/2019 | 06/08/2019 | Journal |